[Event "38th Olympiad"]
[Site "Dresden GER"]
[Date "2008.11.15"]
[Round "3"]
[White "Veer,W"]
[Black "Quinn,M"]
[Result "0-1"]
[WhiteElo "1959"]
[BlackElo "2401"]
[EventDate "2008.11.13"]

1. d4 Nf6 2. Nf3 e6 3. e3 b6 4. Bd3 Bb7 5. Nbd2 c5 6. O-O cxd4 7. exd4 Be7
8. c3 O-O 9. Qc2 d6 10. Re1 Nbd7 11. Ne4 h6 12. Qe2 a6 13. h3 Re8 14. Bf4
Qc7 15. Rad1 Bf8 16. Bb1 b5 17. a3 Bd5 18. Nfd2 Nxe4 19. Nxe4 f5 20. Ng3
Qb7 21. f3 Nf6 22. Nf1 Bb3 23. Bc2 Bxc2 24. Qxc2 Nd5 25. Qd2 a5 26. Re2
Rac8 27. Rc1 Rc6 28. Bg3 Qc8 29. Ne3 Nxe3 30. Qxe3 Rc7 31. Qd3 Qb7 32. Rce1
Qd5 33. Rc1 Be7 34. Rce1 Bf6 35. Bf2 b4 36. axb4 axb4 37. Rd1 bxc3 38. bxc3
Rec8 39. Be1 Rc4 40. Kh1 Bd8 41. Ra1 Ba5 42. Ra3 Bd8 43. Rea2 Rb8 44. Kh2
Kh7 45. Kh1 Rcc8 46. Kh2 Bg5 47. Ra5 Qc4 48. Qxc4 Rxc4 49. h4 Be3 50. Ra6
e5 51. dxe5 dxe5 52. Re2 f4 53. Ra1 Rb5 54. Rd1 Rbc5 55. Kh3 h5 56. Rd6 Ra4
57. Rd1 Ra3 58. Rb1 Rc4 59. Rd1 Kg6 60. Rd6+ Kf5 61. Rd7 g6 62. Rd5 Rca4
63. Rd1 Ra2 64. Rxa2 Rxa2 65. Rb1 Rc2 0-1

[Event "38th Olympiad"]
[Site "Dresden GER"]
[Date "2008.11.15"]
[Round "3"]
[White "El Debs,F"]
[Black "Chinasamy,D"]
[Result "1-0"]
[WhiteElo "2447"]
[BlackElo "2086"]
[EventDate "2008.11.13"]

1. Nf3 c5 2. c4 g6 3. Nc3 Bg7 4. g3 Nc6 5. Bg2 Nf6 6. O-O O-O 7. d4 cxd4 8.
Nxd4 Nxd4 9. Qxd4 d6 10. Qd3 Rb8 11. Be3 a6 12. Ba7 Ra8 13. Bd4 Rb8 14.
Rfd1 Be6 15. b3 Nd7 16. Ba7 Ra8 17. Be3 Rb8 18. Rac1 Ne5 19. Qd2 Ng4 20.
Ba7 Ra8 21. Bd4 Rb8 22. Bxg7 Kxg7 23. Qb2 Kg8 24. c5 b6 25. cxd6 exd6 26.
Qa3 a5 27. Rxd6 Qe7 28. Nd5 Qa7 29. Rc7 Qa6 30. Qc1 1-0

[Event "38th Olympiad"]
[Site "Dresden GER"]
[Date "2008.11.15"]
[Round "3"]
[White "Boshku,H"]
[Black "Cuartas,Ja"]
[Result "0-1"]
[WhiteElo "2308"]
[BlackElo "2489"]
[EventDate "2008.11.13"]

1. d4 d5 2. c4 c6 3. cxd5 cxd5 4. Nf3 Nc6 5. Nc3 Nf6 6. Bf4 Bf5 7. e3 e6 8.
Bb5 Nd7 9. Qa4 Rc8 10. O-O a6 11. Bxc6 Rxc6 12. Rfc1 Rc4 13. Qd1 Bb4 14.
Nd2 Rc6 15. Ne2 O-O 16. a3 Be7 17. b4 a5 18. Qa4 axb4 19. axb4 Qb6 20. b5
Rxc1+ 21. Nxc1 Rc8 22. Ndb3 g5 23. Bg3 h5 24. h3 h4 25. Bh2 Kg7 26. Qa5 Bd8
27. Qxb6 Bxb6 28. Bd6 f6 29. Kf1 Kf7 30. Ke1 e5 31. dxe5 fxe5 32. Ra2 Be4
33. f3 Bc2 34. Ke2 Rc3 35. Kd2 Rxb3 36. Kxc2 Rxb5 37. e4 Ke6 38. Ba3 Nf6
39. exd5+ Nxd5 40. Nd3 Ne3+ 41. Kd2 Nxg2 42. Rb2 Rxb2+ 43. Bxb2 Nf4 44.
Nxf4+ gxf4 45. Kd3 Kd5 46. Bc3 Bc5 47. Be1 Be7 48. Bd2 b5 49. Be1 b4 50.
Bf2 b3 51. Kc3 e4 52. fxe4+ Kxe4 53. Kxb3 0-1

[Event "38th Olympiad"]
[Site "Dresden GER"]
[Date "2008.11.15"]
[Round "3"]
[White "Escobar Forero,A"]
[Black "Mehmeti,D"]
[Result "1-0"]
[WhiteElo "2482"]
[BlackElo "2403"]
[EventDate "2008.11.13"]

1. e4 c5 2. Nf3 d6 3. d4 cxd4 4. Nxd4 Nf6 5. Nc3 a6 6. Bg5 Nc6 7. Bxf6 gxf6
8. Nxc6 bxc6 9. Qh5 e6 10. Bc4 Rb8 11. O-O Rb4 12. Bb3 Rg8 13. f4 Rd4 14.
f5 Rd2 15. g3 Rg5 16. Qxh7 Rg7 17. Qh5 Rg5 18. Qf3 Qb6+ 19. Kh1 exf5 20.
Rae1 Be7 21. h4 Rg7 22. exf5 d5 23. Qf4 Rd4 24. Qe3 Qb4 25. Re2 Rdg4 26.
Rfe1 Be6 27. fxe6 Rxg3 28. exf7+ Kf8 29. Qe6 R7g4 30. Qc8+ Kg7 31. Qg8+ Kh6
32. Qh8+ Kg6 33. Rh2 Qf4 34. Qg8+ Kf5 35. Qh7+ Rg6 36. Qg8 Qb4 37. Qxg6+
Kxg6 1-0

[Event "38th Olympiad"]
[Site "Dresden GER"]
[Date "2008.11.15"]
[Round "3"]
[White "Sequera Paolini,J"]
[Black "Guller,A"]
[Result "1-0"]
[WhiteElo "2398"]
[BlackElo "2117"]
[EventDate "2008.11.13"]

1. f4 d5 2. Nf3 g6 3. g3 Bg7 4. Bg2 Nf6 5. O-O O-O 6. d3 c6 7. Qe1 Qb6+ 8.
e3 Na6 9. h3 h5 10. Kh1 Nc5 11. Nc3 Bf5 12. Ng5 Rad8 13. e4 dxe4 14. dxe4
Bc8 15. Be3 Nfd7 16. Na4 Qb5 17. Nxc5 Nxc5 18. c4 Qxb2 19. Bxc5 Qxa1 20.
Qxa1 Bxa1 21. Rxa1 Rd3 22. Bxe7 Re8 23. Bf6 Rxg3 24. c5 Ra3 25. Bf1 Be6 26.
Nxe6 Rxe6 27. e5 Ra4 28. f5 gxf5 29. Bd3 Rf4 30. Rg1+ Kf8 31. Rg5 Rf2 32.
Rxh5 Ke8 33. Bxf5 Rxa2 34. Rh8+ Kd7 35. Rf8 1-0

[Event "38th Olympiad"]
[Site "Dresden GER"]
[Date "2008.11.15"]
[Round "3"]
[White "Kim Yongtae"]
[Black "Rocha,S"]
[Result "0-1"]
[WhiteElo "1853"]
[BlackElo "2417"]
[EventDate "2008.11.13"]

1. d4 c5 2. d5 e5 3. c4 d6 4. Nc3 g6 5. Nf3 Bg7 6. e4 Ne7 7. Bd3 O-O 8. O-O
Nd7 9. a3 h6 10. b4 f5 11. Nd2 b6 12. f3 Nf6 13. Re1 Rf7 14. Nf1 f4 15. Kf2
g5 16. Ke2 g4 17. Kd2 h5 18. Kc2 Ng6 19. Nd2 Bf8 20. b5 Rg7 21. Bb2 h4 22.
Rg1 a6 23. a4 Raa7 24. Qe2 h3 25. gxh3 gxh3 26. Qf2 Nh5 27. Ne2 Nh4 28. Bc3
Ng2 29. Nf1 Be7 30. Be1 Bh4 31. Neg3 fxg3 32. hxg3 Nxg3 33. Rxg2 hxg2 34.
Nxg3 Bxg3 35. Qg1 axb5 36. Bd2 Rxa4 37. Rxa4 bxa4 0-1

[Event "38th Olympiad"]
[Site "Dresden GER"]
[Date "2008.11.15"]
[Round "3"]
[White "Pereira,Rub"]
[Black "Chung,S"]
[Result "1-0"]
[WhiteElo "2437"]
[BlackElo "1828"]
[EventDate "2008.11.13"]

1. e4 e6 2. d4 d5 3. Nc3 Nf6 4. e5 Nfd7 5. f4 c5 6. Nf3 Nc6 7. Be3 Qb6 8.
a3 cxd4 9. Nxd4 Nxd4 10. Bxd4 Bc5 11. Bxc5 Qxc5 12. Qd2 a6 13. Ne2 f6 14.
Nd4 Qe7 15. exf6 Nxf6 16. Nf3 Ne4 17. Qe3 O-O 18. Bd3 Qc5 19. Qxc5 Nxc5 20.
g3 Bd7 21. O-O-O Rac8 22. Rhe1 Ba4 23. Nd4 Rf6 24. Kb1 Nxd3 25. Rxd3 Kf7
26. Rde3 Bd7 27. h4 h6 28. Re5 Rc4 29. c3 g6 30. h5 gxh5 31. f5 Rxd4 32.
cxd4 Rxf5 33. Rxf5+ exf5 34. Re5 Be6 35. Kc1 Kf6 36. Kd2 f4 37. gxf4 Bf5
38. Rxd5 h4 39. Rd6+ Kg7 40. Ke3 Bg4 41. Kf2 h5 42. Rb6 Bc8 43. d5 Kf7 44.
Rh6 Bg4 45. Rh7+ Kf6 46. Rxb7 a5 47. b4 Kf5 48. d6 Kxf4 49. d7 Bf3 50. d8=Q
1-0

[Event "38th Olympiad"]
[Site "Dresden GER"]
[Date "2008.11.15"]
[Round "3"]
[White "Amir,K"]
[Black "Franco Ocampos,Z"]
[Result "0-1"]
[WhiteElo "2265"]
[BlackElo "2501"]
[EventDate "2008.11.13"]

1. f4 c5 2. Nf3 Nc6 3. e3 Nf6 4. b3 g6 5. Bb2 Bg7 6. Be2 O-O 7. O-O d5 8.
Ne5 d4 9. Nxc6 bxc6 10. Bf3 Nd5 11. Qc1 e5 12. g3 Bh3 13. Re1 Re8 14. Na3
e4 15. Bh1 f5 16. Nc4 g5 17. Bg2 Bxg2 18. Kxg2 Re6 19. Kh1 h5 20. Qd1 g4
21. h4 Nb6 22. Nxb6 axb6 23. Qc1 Ra7 24. a4 Rd7 25. a5 bxa5 26. Ra4 dxe3
27. dxe3 Bxb2 28. Qxb2 Rd1 29. Qc3 Red6 30. Ra1 Rxe1+ 31. Rxe1 Rd1 32. Rxd1
Qxd1+ 33. Kh2 Qf1 34. Qd2 Qh3+ 35. Kg1 Qxg3+ 36. Kf1 Qh3+ 37. Kg1 Qxh4 38.
Qd6 Qg3+ 39. Kh1 Qh3+ 40. Kg1 Qxe3+ 41. Kh2 Qd4 42. Qe6+ Kf8 43. Qxf5+ Ke7
44. Qg5+ Kd7 45. Qf5+ Kc7 46. Qf7+ Qd7 47. Qxh5 Qd2+ 48. Kg3 Qe3+ 49. Kg2
Qf3+ 50. Kg1 Qg3+ 0-1

[Event "38th Olympiad"]
[Site "Dresden GER"]
[Date "2008.11.15"]
[Round "3"]
[White "Patriarca,L"]
[Black "Waqar,M"]
[Result "0-1"]
[WhiteElo "2318"]
[BlackElo "2207"]
[EventDate "2008.11.13"]

1. c4 Nf6 2. Nc3 g6 3. g3 Bg7 4. Bg2 O-O 5. e3 d6 6. Nge2 Nc6 7. d3 e5 8.
O-O Re8 9. h3 Bf5 10. e4 Be6 11. f4 Qd7 12. g4 exf4 13. Nxf4 Rf8 14. g5 Ne8
15. Be3 Nd4 16. Nce2 Nxe2+ 17. Qxe2 c5 18. Rab1 Nc7 19. b4 b6 20. b5 Be5
21. h4 Qe7 22. Nxe6 Nxe6 23. Bh3 Nd4 24. Qg2 Rae8 25. Kh1 h5 26. Rf2 Kg7
27. Rbf1 Kh7 28. Rg1 Rg8 29. Rgf1 Ref8 30. Rd1 Rg7 31. Rdf1 f6 32. gxf6
Rxf6 33. Bg5 Rxf2 34. Qxf2 Qe8 35. Qf8 Qxf8 36. Rxf8 Rb7 37. Kg2 Kg7 38.
Rf2 Rf7 39. Bh6+ Kg8 40. Bg5 Rxf2+ 41. Kxf2 Kf7 42. Ke3 Bf6 43. Bf4 Ke7 44.
Bg3 Be5 45. Bf2 Kf6 46. Bd7 g5 47. Be8 Bf4+ 0-1

[Event "38th Olympiad"]
[Site "Dresden GER"]
[Date "2008.11.15"]
[Round "3"]
[White "Peralta,E"]
[Black "Ahmed,Has"]
[Result "0-1"]
[WhiteElo "2257"]
[BlackElo "2253"]
[EventDate "2008.11.13"]

1. d4 d5 2. Nf3 c5 3. e3 e6 4. b3 Nf6 5. Bd3 Nc6 6. O-O Bd6 7. Bb2 O-O 8.
c4 Qe7 9. Ne5 Rd8 10. Qe2 Nb4 11. Bc2 b6 12. Nc3 Nxc2 13. Qxc2 Bb7 14. cxd5
exd5 15. Nf3 Rac8 16. Qf5 c4 17. Rac1 a6 18. Na4 Nd7 19. Rfd1 b5 20. Nc5
Bxc5 21. dxc5 Nxc5 22. Qg4 f6 23. Nd4 Qe4 24. Qe2 Nd3 25. Rc2 Re8 26. h3
Nb4 27. Rcc1 Nxa2 28. Ra1 Nb4 29. Bc3 Nd3 30. b4 Rc7 31. Ra2 Bc8 32. Qf3 f5
33. Qg3 f4 34. exf4 Qg6 35. Qxg6 hxg6 36. g3 Re4 37. Kg2 Rxd4 38. Bxd4 Nxb4
39. Re2 Nd3 40. f3 b4 41. Rc2 Bf5 42. Ra2 c3 43. g4 c2 44. Rxc2 Nxf4+ 45.
Kg3 Bxc2 46. Rd2 Nd3 47. h4 b3 0-1

[Event "38th Olympiad"]
[Site "Dresden GER"]
[Date "2008.11.15"]
[Round "3"]
[White "Pazos Gambarrotti,P"]
[Black "Tsang Hon Ki"]
[Result "1-0"]
[WhiteElo "2327"]
[BlackElo "2121"]
[EventDate "2008.11.13"]

1. e4 e5 2. Nf3 Nc6 3. d4 exd4 4. Nxd4 Qf6 5. Be3 Bc5 6. c3 Nge7 7. g3 h5
8. f4 d6 9. Be2 Bh3 10. Qd3 O-O-O 11. Nd2 Bb6 12. O-O-O Ne5 13. fxe5 dxe5
14. N2b3 Nc6 15. Qd2 exd4 16. Bg5 Qe6 17. Bxd8 Rxd8 18. c4 d3 19. Bxd3 Ne5
20. Qc2 Be3+ 21. Kb1 Bg4 22. Be2 Bxe2 23. Rxd8+ Kxd8 24. Qxe2 Nxc4 25. Rd1+
Kc8 26. Qd3 b5 27. Qd8+ Kb7 28. Qd5+ Qxd5 29. Rxd5 Nd6 30. Rxh5 g6 31. Rh7
f6 32. Re7 Kc8 33. Rg7 g5 34. Kc2 Bg1 35. h4 Nxe4 36. h5 f5 37. h6 Nf6 38.
Rf7 1-0

[Event "38th Olympiad"]
[Site "Dresden GER"]
[Date "2008.11.15"]
[Round "3"]
[White "Yu,Ma"]
[Black "Aucay Pelaez,M"]
[Result "1/2-1/2"]
[WhiteElo "2006"]
[BlackElo "2335"]
[EventDate "2008.11.13"]

1. e4 e5 2. Nf3 Nf6 3. Nxe5 d6 4. Nf3 Nxe4 5. d3 Nf6 6. d4 d5 7. Bd3 Bg4 8.
Be3 Bd6 9. Nbd2 O-O 10. h3 Bh5 11. c3 Re8 12. O-O c6 13. Qc2 Bg6 14. Bxg6
hxg6 15. Bg5 Nbd7 16. Rfe1 Qa5 17. Qb3 Qa6 18. c4 Bc7 19. a3 Ba5 20. Rxe8+
Rxe8 21. Qc2 Bxd2 22. Nxd2 Qb6 23. Be3 Ne4 24. Nxe4 Rxe4 25. cxd5 cxd5 26.
Qc8+ Nf8 27. b4 Qb5 28. Rc1 Re8 29. Rc5 Qa4 30. Qxb7 Qxa3 31. Ra5 Qd3 32.
Rxa7 Qf5 33. Ra8 Rxa8 34. Qxa8 Qb1+ 35. Kh2 Qxb4 36. Qxd5 Qb8+ 37. g3 Qe8
38. Qd6 Nd7 39. d5 Nf6 40. Qc6 Qe4 41. Qc8+ Kh7 42. d6 Qd5 43. Qc5 Qe6 44.
Qd4 Kg8 45. Bd2 Nd5 46. Qc5 Nf6 47. Qc7 Kh7 48. Qe7 Qxe7 49. dxe7 Ne8 50.
Kg2 Kg8 51. Kf3 f6 52. Ke4 Kf7 53. Bb4 Ke6 54. Kd4 Nc7 55. g4 g5 56. Ke4 g6
57. Ba3 Ne8 58. f4 gxf4 59. Kxf4 g5+ 60. Ke4 Nc7 1/2-1/2

[Event "38th Olympiad"]
[Site "Dresden GER"]
[Date "2008.11.15"]
[Round "3"]
[White "Surbir,L"]
[Black "Ramirez,Alej"]
[Result "0-1"]
[WhiteElo "2084"]
[BlackElo "2533"]
[EventDate "2008.11.13"]

1. e4 Nf6 2. Qe2 e5 3. g3 Nc6 4. Bg2 Bc5 5. Nf3 O-O 6. O-O Re8 7. d3 d5 8.
c3 a5 9. Bg5 d4 10. c4 h6 11. Bc1 a4 12. Ne1 Rb8 13. Qc2 Ra8 14. h3 Bd7 15.
Nd2 Qb8 16. f4 Nh5 17. Rf3 b5 18. cxb5 Qxb5 19. Nc4 exf4 20. gxf4 Rxe4 21.
Bd2 Re2 22. Rf2 Rxf2 23. Kxf2 Re8 24. Nf3 Nb4 25. Qb1 Qxc4 26. dxc4 d3+ 27.
Nd4 Bxd4+ 28. Kf3 Bc6+ 29. Kg4 Nf6+ 30. Kg3 Nh5+ 31. Kg4 Bxg2 32. Bxb4 Bf2
33. Bc3 f5+ 0-1

[Event "38th Olympiad"]
[Site "Dresden GER"]
[Date "2008.11.15"]
[Round "3"]
[White "Gonzalez,Be CRC"]
[Black "Balram,N"]
[Result "1-0"]
[WhiteElo "2432"]
[BlackElo "1909"]
[EventDate "2008.11.13"]

1. e4 e5 2. d4 exd4 3. Nf3 Nc6 4. Nxd4 d6 5. Nc3 Nf6 6. h3 Be7 7. Nxc6 bxc6
8. Bd3 O-O 9. O-O Re8 10. f4 Bf8 11. Qf3 Bd7 12. Bd2 g6 13. f5 Bg7 14. Bg5
h6 15. Bxh6 Bxh6 16. fxg6 Bg7 17. gxf7+ Kxf7 18. g4 Re5 19. h4 Qh8 20. Qg3
Ke7 21. g5 Nh5 22. Qe3 Rc5 23. Ne2 Bg4 24. Kg2 Be5 25. b4 Bxe2 26. bxc5
Bxd3 27. cxd6+ cxd6 28. Qxd3 Bxa1 29. Qb3 Rf8 30. Qb7+ Ke6 31. Qb3+ d5 32.
exd5+ cxd5 33. Qh3+ Ke7 34. Qa3+ Ke8 35. Qa4+ Kd8 36. Qa5+ Kc8 37. Qc5+ Kd7
38. Rxf8 Nf4+ 39. Rxf4 Qe5 40. Rf7+ Kd8 41. Qf8+ 1-0

[Event "38th Olympiad"]
[Site "Dresden GER"]
[Date "2008.11.15"]
[Round "3"]
[White "Sujendra,P"]
[Black "Valdes,Le"]
[Result "0-1"]
[WhiteElo "2068"]
[BlackElo "2401"]
[EventDate "2008.11.13"]

1. e4 d6 2. d4 Nf6 3. Nc3 g6 4. Bg5 c6 5. Qd2 b5 6. Bd3 Bg7 7. Nf3 O-O 8.
Bh6 Nbd7 9. h4 e5 10. Ne2 a6 11. c3 exd4 12. cxd4 c5 13. Bxg7 Kxg7 14. e5
dxe5 15. dxe5 Ng4 16. h5 Ndxe5 17. Nxe5 Nxe5 18. Qc3 Qf6 19. Be4 Rb8 20.
Qxc5 Bb7 21. h6+ Kg8 22. Ng3 Rfc8 23. Qa7 Bxe4 24. Nxe4 Qf4 25. Qe3 Qxe3+
26. fxe3 Ng4 27. Ke2 f5 28. Nc3 b4 29. Nd1 Rc2+ 30. Kf3 Re8 31. b3 Re4 32.
a3 Ne5+ 33. Kg3 Rg4+ 34. Kh3 Rcxg2 35. Rf1 R4g3+ 36. Kh4 g5+ 0-1

[Event "38th Olympiad"]
[Site "Dresden GER"]
[Date "2008.11.15"]
[Round "3"]
[White "Adu,O"]
[Black "Polaczek,R"]
[Result "0-1"]
[WhiteElo "2298"]
[BlackElo "2419"]
[EventDate "2008.11.13"]

1. e4 e6 2. d3 d5 3. Nd2 c5 4. Ngf3 Nc6 5. g3 Bd6 6. Bg2 Nge7 7. O-O O-O 8.
Re1 f6 9. c3 Bc7 10. Nb3 b6 11. exd5 exd5 12. d4 c4 13. Nbd2 b5 14. Nf1 Bg4
15. Ne3 Bh5 16. Qe2 Re8 17. Bh3 Nc8 18. Qd1 Nd6 19. g4 Bf7 20. Nh4 g6 21.
Bg2 Ne4 22. Nf1 f5 23. Nf3 fxg4 24. N3d2 Nf6 25. Rxe8+ Bxe8 26. Ne3 Qd7 27.
b3 Bf7 28. bxc4 bxc4 29. Qa4 Rc8 30. Rb1 Bf4 31. Qa6 Rc7 32. Rb5 Be6 33.
Ndf1 Qd6 34. Nxc4 dxc4 35. Bxf4 Qxf4 36. Bxc6 Qd6 37. Rb8+ Kg7 38. Rb7 Nd5
39. Rxc7+ Nxc7 40. Qb7 h5 41. Ne3 Bf7 42. Be4 Qf4 43. Bg2 h4 44. a4 g3 45.
hxg3 hxg3 46. Qf3 gxf2+ 47. Kxf2 Qh4+ 48. Ke2 Ne6 49. Nd5 Qg5 50. Kd1 Be8
51. a5 Ba4+ 52. Ke1 Bc6 53. Kf2 Qd2+ 54. Kg1 Bxd5 55. Qxd5 Qe3+ 56. Kf1
Qd3+ 57. Kg1 Qe3+ 58. Kf1 Qc1+ 59. Kf2 Qd2+ 60. Kf1 Nf4 61. Qe5+ Kh6 62.
Bf3 Nd3 63. Qg3 Qc1+ 64. Ke2 Nf4+ 65. Kf2 Nd3+ 66. Ke2 Nf4+ 67. Kf2 g5 68.
Bg4 Qb2+ 69. Kf1 Qa1+ 70. Qe1 Qxa5 71. Qd2 Qd5 72. Kg1 a5 73. Qh2+ Kg7 74.
Kf2 a4 75. Ke3 a3 76. Bf3 Qe6+ 77. Be4 Nd5+ 0-1

[Event "38th Olympiad"]
[Site "Dresden GER"]
[Date "2008.11.15"]
[Round "3"]
[White "Farazi,K"]
[Black "Purnama,T"]
[Result "0-1"]
[WhiteElo "2207"]
[BlackElo "2417"]
[EventDate "2008.11.13"]

1. Nf3 Nf6 2. d4 g6 3. Nbd2 Bg7 4. e4 d6 5. Bc4 O-O 6. Bb3 Nc6 7. c3 e5 8.
dxe5 Nxe5 9. Nxe5 dxe5 10. O-O Qe7 11. Qe2 Rd8 12. Nc4 h6 13. f3 a5 14. a4
Be6 15. Be3 b6 16. Rfb1 Nd7 17. Bc2 Nc5 18. b4 Nb7 19. Bf2 Qd7 20. Rd1 Qc6
21. Ne3 Qxc3 22. Be1 Qc6 23. Bd3 axb4 24. Bb5 Qc5 25. Bf2 Qe7 26. Nd5 Bxd5
27. exd5 Nd6 28. Bc6 Rab8 29. Rab1 Nf5 30. Qe4 Qd6 31. Be1 Nd4 32. Bxb4 Qf6
33. Rxd4 exd4 34. Be7 Qe5 35. Bxd8 Rxd8 36. Qxe5 Bxe5 37. Kf2 Bd6 38. g3
Kg7 39. Ke2 h5 40. f4 h4 41. Kf3 hxg3 42. hxg3 Rh8 43. Rd1 Bc5 44. Kg2 g5
45. fxg5 Rh5 46. g4 Rxg5 47. Kf3 Re5 48. Rd3 Kf6 49. Kf4 Re1 50. Bd7 Bd6+
51. Kf3 Ke5 52. Bc6 Rf1+ 53. Ke2 Rf4 54. Rf3 Rxg4 55. Rxf7 Rg2+ 56. Kf1 Rc2
57. Rf3 Ke4 58. Rb3 d3 59. Rb1 d2 60. Rd1 Ke3 61. Be8 Rc5 62. Bf7 Rc4 63.
Be8 Rh4 0-1

[Event "38th Olympiad"]
[Site "Dresden GER"]
[Date "2008.11.15"]
[Round "3"]
[White "Farid,F"]
[Black "Sharify,A"]
[Result "1/2-1/2"]
[WhiteElo "2154"]
[BlackElo "2118"]
[EventDate "2008.11.13"]

1. e4 e5 2. Nf3 Nc6 3. Bb5 Nf6 4. d3 d6 5. O-O Bg4 6. c3 a6 7. Ba4 b5 8.
Bb3 Be7 9. h3 Bh5 10. Bg5 Na5 11. Bc2 c5 12. Nbd2 O-O 13. Re1 Nd7 14. Be3
Nc6 15. Nf1 h6 16. a4 b4 17. Ng3 Bg6 18. Bb3 Rb8 19. Bc4 Qc8 20. Nd2 Nb6
21. Ba2 Kh8 22. Nc4 Nd7 23. Bd2 Qb7 24. Ne3 b3 25. Bb1 Rfd8 26. Rf1 Nf8 27.
Nd5 Bh4 28. Ne2 Ne7 29. c4 Ne6 30. Ra3 Bh5 31. g4 Bg6 32. Nc1 Nd4 33. Be3
Nec6 34. f4 exf4 35. Nxf4 Kh7 36. Bxd4 Nxd4 37. Nfe2 Nxe2+ 38. Qxe2 Bf6 39.
Rxb3 Qe7 40. Rxb8 Rxb8 41. b3 Be5 42. Bc2 Qg5 43. Kg2 h5 44. Rh1 Rh8 45. h4
Qf4 46. gxh5 Qg3+ 47. Kf1 Qf4+ 48. Kg2 Qg3+ 49. Kf1 Bd4 50. Bd1 Kg8 51. Qf3
Qxf3+ 52. Bxf3 Bxh5 53. Bxh5 Rxh5 54. Ne2 Be5 55. Kg2 g6 56. Ng1 Kg7 57.
Nf3 Rh8 58. Kf2 Rb8 59. Rb1 Bf6 60. Kg3 a5 61. Kg4 Rh8 62. Kg3 Be5+ 63. Kh3
Bf6 64. Kg4 Be5 65. Ng5 Bf6 66. Nf3 Be5 67. Kh3 Bf6 68. Kg3 Be5+ 69. Kf2
Bf6 70. Kg3 Be5+ 1/2-1/2

[Event "38th Olympiad"]
[Site "Dresden GER"]
[Date "2008.11.15"]
[Round "3"]
[White "Hatanbaatar,B"]
[Black "Alice,M"]
[Result "1-0"]
[WhiteElo "2375"]
[BlackElo "2201"]
[EventDate "2008.11.13"]

1. e4 c5 2. Nf3 d6 3. d4 cxd4 4. Nxd4 Nf6 5. Nc3 a6 6. Bc4 e6 7. Bb3 b5 8.
O-O b4 9. Na4 Bd7 10. Re1 Nc6 11. c3 Rb8 12. f3 Be7 13. cxb4 Nxb4 14. Be3
O-O 15. Rc1 e5 16. Nf5 Bxa4 17. Bxa4 Nxa2 18. Rc6 Ne8 19. Rxa6 Nb4 20. Ra7
Bg5 21. Bf2 g6 22. h4 gxf5 23. hxg5 Qxg5 24. Bd7 fxe4 25. fxe4 Nf6 26. Ra3
Kh8 27. Bh3 Nh5 28. Be3 Qh4 29. Rf1 Rg8 30. Bf2 Qg5 31. Kh2 Nf4 32. Rg3 Qe7
33. Rf3 Na6 34. Rxf4 exf4 35. Bd4+ f6 36. Rxf4 Rg6 37. Qf1 Nc5 38. Rxf6
Qxf6 39. Bxf6+ Kg8 40. Qc4+ Kf8 41. Bc3 Re8 42. e5 Ne6 43. exd6 Ng5 44.
Qf4+ Kg8 45. d7 Rd8 46. Ba5 Nxh3 47. Qc4+ 1-0

[Event "38th Olympiad"]
[Site "Dresden GER"]
[Date "2008.11.15"]
[Round "3"]
[White "Chambule,P"]
[Black "Battulga,N"]
[Result "0-1"]
[WhiteElo "2100"]
[BlackElo "2317"]
[EventDate "2008.11.13"]

1. e4 c5 2. Nf3 d6 3. d4 cxd4 4. Nxd4 Nf6 5. Nc3 a6 6. Be2 e6 7. Bg5 Be7 8.
Qd2 h6 9. Be3 Qc7 10. O-O b5 11. a3 Bb7 12. f3 Nbd7 13. Rad1 d5 14. exd5
Nxd5 15. Nxd5 Bxd5 16. Kh1 O-O 17. f4 Nb6 18. f5 Bf6 19. Bd3 e5 20. Ne2
Rad8 21. Qa5 Rd6 22. Ng3 Qb7 23. Rg1 Nc4 24. Bxc4 Bxg2+ 25. Rxg2 Rxd1+ 26.
Bf1 Qf3 27. Bf2 h5 28. Be1 Bd8 29. Qc3 Qxc3 30. Bxc3 h4 31. Ne4 Rxf1+ 32.
Rg1 Rxg1+ 33. Kxg1 Bb6+ 34. Kg2 Rd8 35. Kh3 Rd1 36. Kxh4 Bd4 37. Bb4 Bxb2
38. Nc5 a5 39. Bxa5 Bxa3 40. Nd3 e4 41. Nf2 Rd4 42. Bb6 Rc4 43. Kg3 Bd6+
44. Kg2 Rxc2 45. Kf1 Bc5 46. Bxc5 Rxc5 47. Nxe4 Rxf5+ 0-1

[Event "38th Olympiad"]
[Site "Dresden GER"]
[Date "2008.11.15"]
[Round "3"]
[White "Nokes,R"]
[Black "Abera,Y"]
[Result "1-0"]
[WhiteElo "2293"]
[BlackElo "2201"]
[EventDate "2008.11.13"]

1. e4 c5 2. Nf3 d6 3. d4 cxd4 4. Nxd4 Nf6 5. Nc3 a6 6. h3 e5 7. Nde2 Be7 8.
g4 Be6 9. Bg2 Nbd7 10. O-O b5 11. Ng3 Rc8 12. Nf5 Bxf5 13. exf5 h6 14. a3
Qc7 15. Be3 Nb6 16. Qe2 Nc4 17. Bc1 Qc5 18. Rd1 Rd8 19. Nd5 Nxd5 20. Rxd5
Qc7 21. Rd3 O-O 22. a4 b4 23. b3 Bf6 24. Ra2 Na5 25. Bd2 Rb8 26. Rd5 Nc6
27. Qxa6 Rfd8 28. Qc4 Qd7 29. Rb5 Nd4 30. Rxb8 Rxb8 31. Bxb4 d5 32. Qc5 e4
33. Qd6 Qb7 34. Bc5 Ne2+ 35. Kh1 Nc1 36. Ra3 Bb2 37. a5 Bxa3 38. Bxa3 Ne2
39. Bb2 Rc8 40. a6 Qa8 41. Qe5 f6 42. Qe6+ Kh7 43. Bxf6 Rc6 44. Qxd5 Qxa6
45. Be5 Qa2 46. Bxe4 Qb1+ 47. Kg2 Qg1+ 48. Kf3 Qh1+ 49. Ke3 Qc1+ 50. Qd2
Rc5 51. Qxc1 Nxc1 52. Bd4 Rc7 53. f6+ g6 54. h4 1-0

[Event "38th Olympiad"]
[Site "Dresden GER"]
[Date "2008.11.15"]
[Round "3"]
[White "Dominguez,JM"]
[Black "Belzo,K"]
[Result "1-0"]
[WhiteElo "2345"]
[BlackElo "1993"]
[EventDate "2008.11.13"]

1. d4 g6 2. e4 Bg7 3. Bc4 c5 4. Qf3 e6 5. dxc5 Qa5+ 6. c3 Qxc5 7. Bb3 Nc6
8. Be3 Qa5 9. Nd2 Ne5 10. Qe2 b6 11. Bd4 Nf6 12. Bxe5 Qxe5 13. Nc4 Qc5 14.
e5 Nd5 15. Nd6+ Ke7 16. Bxd5 Qxd5 17. Nf3 a5 18. O-O Ba6 19. c4 Qc5 20.
Rfd1 Ra7 21. Qe4 f6 22. Qh4 Bb7 23. Ng5 h5 24. Nxb7 Rxb7 25. Qe4 fxg5 26.
Qxb7 Rd8 27. Rd3 Bxe5 28. Qe4 Kf7 29. Rad1 Qc7 30. g3 Bxb2 31. Rf3+ Kg7 32.
Rb1 Bf6 33. Rfb3 Rc8 34. Rxb6 Qxc4 35. Qxc4 Rxc4 36. Rd6 Be7 37. Rxd7 Kf6
38. Rb2 g4 39. Re2 Bc5 40. Rd8 e5 41. Kg2 Bd4 42. Rf8+ Kg7 43. Ra8 a4 44.
Ra6 Kh6 45. Ra5 Kg5 46. Re4 Kf6 47. Raxe5 Rc2 48. Re6+ Kf5 49. Re2 Rxa2 50.
Rxa2 Kxe6 51. Rxa4 Bc5 52. f3 gxf3+ 53. Kxf3 Kf6 54. Ra6+ Kg7 55. Rc6 Bd4
56. Ke4 Bg1 57. h3 Bf2 58. Rc3 Be1 59. Rf3 Bd2 60. Kd5 g5 61. Ke4 Kg6 62.
Rd3 Bb4 63. Rb3 Be1 64. Rb6+ Kg7 65. Kf3 Bc3 66. Ke4 Be1 67. g4 hxg4 68.
hxg4 Bd2 69. Kf5 Bc1 70. Rb7+ Kf8 71. Kf6 Ke8 72. Rb8+ Kd7 73. Rg8 Bf4 74.
Rxg5 Bxg5+ 75. Kxg5 Ke7 76. Kg6 Kf8 77. Kh7 1-0

[Event "38th Olympiad"]
[Site "Dresden GER"]
[Date "2008.11.15"]
[Round "3"]
[White "Hawes,J"]
[Black "Hernandez,Gu DOM"]
[Result "0-1"]
[WhiteElo "2174"]
[BlackElo "2360"]
[EventDate "2008.11.13"]

1. d4 Nf6 2. Nf3 e6 3. e3 b6 4. Bd3 Bb7 5. Nbd2 d5 6. O-O Nbd7 7. b3 Bd6 8.
Bb2 Ne4 9. Ne5 O-O 10. Nxd7 Qxd7 11. f4 Rad8 12. Nf3 c5 13. Ne5 Qe7 14. Qe2
Rc8 15. c4 Rfd8 16. Rad1 a5 17. Bxe4 dxe4 18. a4 f6 19. Ng4 Bc6 20. g3 Be8
21. d5 Bc7 22. dxe6 Qxe6 23. f5 Qe7 24. Nf2 Bc6 25. Qc2 Qe8 26. Qe2 Kf8 27.
Kg2 Rd3 28. Kg1 Rdd8 29. Rxd8 Rxd8 30. Rd1 0-1

[Event "38th Olympiad"]
[Site "Dresden GER"]
[Date "2008.11.15"]
[Round "3"]
[White "Chimthere,A"]
[Black "Amanov,M"]
[Result "0-1"]
[WhiteElo "1966"]
[BlackElo "2357"]
[EventDate "2008.11.13"]

1. d4 Nf6 2. c4 e6 3. Nf3 b6 4. g3 Ba6 5. Qc2 Bb7 6. Bg2 c5 7. dxc5 Bxc5 8.
O-O O-O 9. Nc3 Be7 10. e4 d6 11. Rd1 Nbd7 12. Qe2 a6 13. Bf4 Qc7 14. Rd2
Rac8 15. Rad1 e5 16. Be3 Qxc4 17. Qxc4 Rxc4 18. Nh4 g6 19. f3 Rc7 20. Bf1
b5 21. a3 Kg7 22. Ng2 Nc5 23. Ne1 Nfd7 24. Nc2 f5 25. Nb4 Nb3 26. Rf2 f4
27. gxf4 exf4 28. Bxf4 Rxc3 29. bxc3 Rxf4 30. Kg2 Ne5 31. Kg3 g5 32. Nd3
Nxd3 33. Bxd3 Nc5 34. Bb1 h5 35. Kg2 Kf6 36. Ba2 Na4 37. Rd3 g4 38. Kg3 Ke5
39. Bd5 Nc5 40. Rd4 h4+ 41. Kg2 h3+ 42. Kg1 Bh4 43. Rf1 gxf3 44. Bxb7 f2+
45. Kh1 Nxb7 46. Rd3 Kxe4 47. Rxh3 Nc5 48. Rxh4 Rxh4 49. Rxf2 Rh3 0-1